5HLuxD.jpg

KING HENRY VIII SENIOR AND PRIMARY SCHOOL LIBRARY OPAC

Periodic tales : (Record no. 318)

000 -LEADER
fixed length control field 00834cam a2200253 a 4500
001 - CONTROL NUMBER
control field vtls001398797
003 - CONTROL NUMBER IDENTIFIER
control field VRT
005 - DATE AND TIME OF LATEST TRANSACTION
control field 20190806093338.0
008 - FIXED-LENGTH DATA ELEMENTS--GENERAL INFORMATION
fixed length control field 120524s2012 enka 000 0 eng d
020 ## - INTERNATIONAL STANDARD BOOK NUMBER
International Standard Book Number 9780141041452 (pbk.)
020 ## - INTERNATIONAL STANDARD BOOK NUMBER
International Standard Book Number 0141041455 (pbk.) :
035 ## - SYSTEM CONTROL NUMBER
System control number (OCoLC)ocn701110027
040 ## - CATALOGING SOURCE
Original cataloging agency UNITY
Language of cataloging eng
Transcribing agency UNITY
Modifying agency YDXCP
-- SINLB
-- VMC
-- VP@
-- UKMGB
-- DRB
-- RRP
042 ## - AUTHENTICATION CODE
Authentication code nbic
082 ## - DEWEY DECIMAL CLASSIFICATION NUMBER
Classification number 546 ALD
100 1# - MAIN ENTRY--PERSONAL NAME
Personal name Aldersey-Williams, Hugh.
Relator term author
245 10 - TITLE STATEMENT
Title Periodic tales :
Remainder of title the curious lives of the elements /
Statement of responsibility, etc. Hugh Aldersey-Williams.
260 ## - PUBLICATION, DISTRIBUTION, ETC.
Place of publication, distribution, etc. London :
Name of publisher, distributor, etc. Viking,
Date of publication, distribution, etc. 2012.
300 ## - PHYSICAL DESCRIPTION
Extent xvii, 428 p. :
Other physical details ill. ;
Dimensions 20 cm.
504 ## - BIBLIOGRAPHY, ETC. NOTE
Bibliography, etc. note Includes bibliographical references and index.
505 2# - FORMATTED CONTENTS NOTE
Formatted contents note Power -- Fire -- Craft -- Beauty -- Earth.
650 #0 - SUBJECT ADDED ENTRY--TOPICAL TERM
Topical term or geographic name entry element Chemical elements
Form subdivision Popular works.
942 ## - ADDED ENTRY ELEMENTS (KOHA)
Source of classification or shelving scheme
Koha item type Books - Non Ficton
Holdings
Withdrawn status Lost status Source of classification or shelving scheme Damaged status Not for loan Collection code Permanent Location Current Location Shelving location Date acquired Full call number Barcode Date last seen Price effective from Koha item type
          Non-Fiction KH8 Senior School Library KH8 Senior School Library Non Fiction 2019-08-06 546 ALD 3KHSL000100242 2019-08-06 2019-08-06 Books - Non Ficton

Powered By KH8 IT Dept